000 00728nas a2200277 a 4500
001 30197
003 AR-BaAGN
005 20231222160441.0
007 ta
008 220625s1945 ag |||||r|||| ||||||spa d
040 _dAR-BaAGN
_aAR-BaAGN
_bspa
_eaacr
110 1 _aArgentina.
_bMinisterio de Agricultura
245 1 0 _aMemoria :
_b1944-1945
250 _a1ª ed.
260 _aBuenos Aires :
_bMinisterio de Agricultura,
_c1945.
300 _a48 páginas
336 _2rdacontent
_btxt
337 _2rdamedia
_bn
338 _2rdacarrier
_bnc
610 1 4 _aMINISTERIO de AGRICULTURA
650 4 _aAGRICULTURA
_91551
650 4 _aMEMORIAS
_91817
651 4 _aArgentina
_93645
942 _cREVISTA
_n0
999 _c30197
_d30197